000 00992nam a2200253 i 4500
001 158353
003 ES-MaACL
005 20250905140634.0
008 960730s1880 sp |||| | spa d
040 _aCYL
_bspa
_cCYL
100 0 _aMacaulay, Thomas Babington Macaulay
_cBaron.
_975067
245 1 0 _aEstudios críticos /
_cpor Lord Macaulay ; traducidos directamente del inglés por M. Juderías Bender.
260 _aMadrid :
_b[s.n.],
_c1880 (
_fImprenta central á cargo de Víctor Saiz)
300 _aVIII, 383 p. ;
_c19 cm.
490 1 _aBiblioteca clásica ;
_v30
600 1 4 _aBacon, Francis (
_d1561-1626)
_9154861
600 1 7 _aBurghley, William Cecil,
_cBarón de,
_d1520-1598
_2
_9162246
600 1 4 _aDryden, John (
_d1631-1700)
_9162247
600 1 4 _aAddison, Joseph,
_d1672-1719
_918423
700 1 _aJuderías Bender, Mariano.
_9128389
830 0 _aBiblioteca clásica ;
_v30
_9180370
852 _aES-MaACL
_jF-13132
_z-- Enc. tela
999 _c158353
_d158353